Tiempo de Bolívar. La Campaña de Ayacucho (Registro nro. 21790)

Detalles MARC
000 -Cabecera
Campo de control interno 00850nam a2200265Ia 4500
005 - Fecha y hora del registro
control field 20260320113313.0
008 - Elementos de Longitud Fija
fixed length control field 260320s9999||||xx |||||||||||||| ||und||
020 ## - ISBN
ISBN 9789972633300
041 ## - Idioma
Codigo Idioma ESP
082 ## - DEWEY y NOTACIÓN INTERNA
Dewey 985.04
Notación Interna L87
100 ## - AUTOR
Autor denominación López Martínez, Héctor,
Término de relación autor
245 #0 - TÍTULO DE MATERIAL BIBLIOGRÁFICO
Título Tiempo de Bolívar. La Campaña de Ayacucho
Título paralelo
246 ## - TÍTULO TRADUCIDO
Título
Título paralelo
Autor
250 ## - EDICIÓN
Edición Primera edición
260 ## - CIUDAD, EDITORIAL, AÑO
Ciudad Lima :
Nombre de la Editorial Instituto de Estudios Histórico-Marítimos del Perú,
Año 2025
300 ## - DESCRIPCIÓN
N° Páginas 318 páginas :
Otros detalles láminas, ilustraciones ;
Dimensiones 24 cm.
Material Adicional
440 ## - MENCIÓN DE SERIE
Título de la Serie
Número de Serie
Volumen de Serie
650 ## - TEMAS
Temas Historia
653 ## - DESCRIPTORES
Lenguajes no controlado Ayacucho, Batalla de, 1824; Perú - Historia - Emancipación, 1808-1824
654 ## - PROGRAMAS
Programa Dpto. de Humanidades
700 ## - OTROS AUTORES
Otros autores
Títulos y otras palabras asociadas con el nombre
856 ## - URL - UBICACIÓN
URI/URL: Enlace exacto del recurso <a href="https://www-jstor-org.ucsp.lookproxy.com/">https://www-jstor-org.ucsp.lookproxy.com/</a>
Nota pública: Versión digital <a href="Véase además: Base de datos JSTOR">Véase además: Base de datos JSTOR</a>
942 ## - ELEMENTOS DE KOHA
Tipo de documento Libro
Nombre del creador Justo Noguera
Código de catalogador Margarita Torres
Esquema de clasificación Dewey Decimal Classification
Suppress in OPAC
Existencias
Codigo completo Registro Colección Copia número Disponibilidad Tipo de préstamo Biblioteca Actual Procedencia (Biblioteca) Ubicacón Fecha Ingreso Tipo de Adquisición Date last seen Total checkouts Price effective from Tipo de Item Estado del Material Fuente de Clasificación Damaged status Withdrawn status
985.04 L87 1085350 Universidad Católica San Pablo 1 Disponible Disponible Víctor Andrés Belaunde Víctor Andrés Belaunde Planta baja abierta 07/04/2026 Compra 07/04/2026   07/04/2026 Libro Bueno Dewey Decimal Classification